header

Transport investment and economic development (Record no. 47161)

MARC details
000 -LEADER
fixed length control field 01280nam a2200349Ia 4500
082 04 - DEWEY DECIMAL CLASSIFICATION NUMBER
Classification number 388
100 1# - MAIN ENTRY--AUTHOR NAME
Personal name Banister, David.
245 10 - TITLE STATEMENT
Title Transport investment and economic development
260 ## - PUBLICATION, DISTRIBUTION, ETC. (IMPRINT)
Place of publication London :
Name of publisher UCL Press,
Year of publication 2000.
300 ## - PHYSICAL DESCRIPTION
Number of Pages viii, 370 p. :
Other physical details ill., maps.
650 #0 - SUBJECT ADDED ENTRY--TOPICAL TERM
Topical Term Transportation.
Topical Term Economic development.
700 1# - ADDED ENTRY--PERSONAL NAME
Personal name Berechman, Joseph.
856 40 - ELECTRONIC LOCATION AND ACCESS
Uniform Resource Identifier http://site.ebrary.com/lib/rucke/Doc?id=10062793

No items available.

© 2026 Rongo University
Contact us: librarian | system librarian | Rongo university